00390nam a2200145Ia 4500008004100000100001500041245004600056260000900102300001300111504001200124650001300136650001300149700003100162773005100193181130s2018 xx 000 0 und d aBiju, M.R. aThe Rohingya issuebSouth Asia and beyond c2018 ap.21-28. dJan-Jun aRefugees aRohingya aPadmanabha, M.R.B. Anantha aSouth Asian Journal of Socio-Political Studies